New Technologies at work (Record no. 621888)

MARC details
000 -LEADER
fixed length control field 00861nam a2200265Ia 4500
003 - CONTROL NUMBER IDENTIFIER
control field OSt
005 - DATE AND TIME OF LATEST TRANSACTION
control field 20220926012140.0
008 - FIXED-LENGTH DATA ELEMENTS--GENERAL INFORMATION
fixed length control field 220923b |||||||| |||| 00| 0 eng d
020 ## - INTERNATIONAL STANDARD BOOK NUMBER
International Standard Book Number 1859736491
037 ## - SOURCE OF ACQUISITION
Terms of availability General Book
040 ## - CATALOGING SOURCE
Original cataloging agency RTL
Transcribing agency RTL
Language of cataloging eng
041 ## - LANGUAGE CODE
Source of code eng
Language code of text/sound track or separate title eng
100 ## - MAIN ENTRY--PERSONAL NAME
Personal name Garsten Christina
9 (RLIN) 253677
245 #0 - TITLE STATEMENT
Title New Technologies at work
Remainder of title People, screens and social Virtuality
260 ## - PUBLICATION, DISTRIBUTION, ETC.
Place of publication, distribution, etc. New York
Name of publisher, distributor, etc. Berg
Date of publication, distribution, etc. 2003
300 ## - PHYSICAL DESCRIPTION
Extent xii;250p
Dimensions cm.
500 ## - GENERAL NOTE
General note Bibliography chapterwise
650 ## - SUBJECT ADDED ENTRY--TOPICAL TERM
Topical term or geographic name entry element Sociology Irt Technology
9 (RLIN) 247712
700 ## - ADDED ENTRY--PERSONAL NAME
Personal name Wulff Helena Ed.
9 (RLIN) 315616
942 ## - ADDED ENTRY ELEMENTS (KOHA)
Classification part Y0gF.73.P, P3
Koha item type General Books
Source of classification or shelving scheme Colon Classification (CC)
Holdings
Withdrawn status Lost status Damaged status Not for loan Home library Current library Date acquired Source of acquisition Total Checkouts Full call number Barcode Date last seen Price effective from Koha item type
        Ratan Tata Library Ratan Tata Library 2022-09-26 6834, 11/03/2005, SSS   Y0gF.73.P P3 RT1323234 2022-09-26 2022-09-26 General Books
Copyright @ Delhi University Library System